Berudu kecil
| Format: | Book |
|---|---|
| Published: |
Kuala Lumpur :
Penerbitan Fargoes ,
2002
|
| Series: | Siri tekun membaca
|
| Subjects: |
MARC
| LEADER | 00000cam a2200000 7i4500 | ||
|---|---|---|---|
| 001 | 0000000267 | ||
| 005 | 20151222.0 | ||
| 008 | 070628 | ||
| 020 | |a 9679279413 | ||
| 090 | 0 | 0 | |a JF |b MOR MAL (140) |
| 245 | 1 | 0 | |a Berudu kecil |
| 260 | |a Kuala Lumpur : |b Penerbitan Fargoes , |c 2002 | ||
| 440 | 0 | |a Siri tekun membaca | |
| 500 | |a Children ages 7-9 years old (orange) | ||
| 650 | 0 | |a Malay fiction | |
| 999 | |a 0000953760 |b Book |c Children Collection |e Cawangan Pontian | ||